Datum a čas kvízu
28
Celkem bodů
Celkový počet nahraných bodů na tomto kvízu bez doplňovacích otázek.
3.
Pořadí na kvízu
Konečné umístění týmu na tomto kvízu.
Zaznamenané odpovědi
| # | Otázka | Odpověď | Body | Výsledky |
|---|---|---|---|---|
| 1. | Ministryně obrany v demisi Kar... | 1 | ||
| 2. | Prostořeký prezident USA Donal... | 0 | ||
| 3. | Ve středu 17. ledna byly oznám... | 1 | ||
| 4. | Modelová řada automobilky Škod... | 1 | ||
| 5. | Její start poutal hodně pozorn... | 1 | ||
| 6. | Abychom se mohli ohřát u ohně,... | 0 | ||
| 7. | Firework, tedy Ohňostroj, je h... | 0 | ||
| 8. | Olympijský oheň je jedním ze z... | 0 | ||
| 5. | Ohněm a mečem je román polskéh... | 1 | ||
| 5. | Napište název jevu související... | 1 |